[Event "Open Pasqua"]
[Site "Arco ITA"]
[Date "2014.04.09"]
[Round "4"]
[White "Gromovs, Sergejs"]
[Black "Domsgen, Gerd Bernd"]
[WhiteElo "2219"]
[BlackElo "2060"]
[Result "1-0"]
[PlyCount "65"]
[EventDate "2014.04.06"]

1. d4 Nf6 2. Nf3 d6 3. c4 g6 4. Nc3 Bg7 5. e4 O-O 6. Be2 Nbd7 7. O-O e5 8. Re1
c6 9. Bf1 Re8 10. d5 cxd5 11. cxd5 a6 12. a4 Nc5 13. b4 Ncxe4 14. Nxe4 Nxe4 15.
Rxe4 f5 16. Rc4 e4 17. Nd4 Bd7 18. Bf4 Qe7 19. Rc7 Rad8 20. Ne6 Qf6 21. Nxg7
Kxg7 22. Rac1 g5 23. Be3 Kh6 24. Bd4 Qg6 25. Rxb7 f4 26. Rc3 g4 27. Qd2 Qg5 28.
g3 e3 29. fxe3 f3 30. Rcc7 f2+ 31. Qxf2 Rf8 32. Rxd7 Rxf2 33. Rxh7+ 1-0

[Event "Open Pasqua"]
[Site "Arco ITA"]
[Date "2014.04.09"]
[Round "4"]
[White "Messina, Roberta"]
[Black "Pretto, Aldo"]
[WhiteElo "2081"]
[BlackElo "1761"]
[Result "1-0"]
[PlyCount "59"]
[EventDate "2014.04.06"]

1. Nf3 d6 2. c4 e5 3. Nc3 f5 4. d3 Nf6 5. g3 Be7 6. Bg2 c6 7. Rb1 Na6 8. b4 Nc7
9. O-O O-O 10. a4 a6 11. b5 axb5 12. axb5 e4 13. Nd4 c5 14. Nb3 d5 15. b6 Ne6
16. cxd5 Nxd5 17. Nxd5 Qxd5 18. dxe4 Qe5 19. Qd5 Qxd5 20. exd5 Ng5 21. d6 Bf6
22. Nxc5 Bd4 23. Bxg5 Bxc5 24. Be7 Re8 25. Bd5+ Kh8 26. Bf7 Rxe7 27. dxe7 Bxe7
28. Ra1 Ra6 29. Rxa6 bxa6 30. Rc1 1-0

[Event "Open Pasqua"]
[Site "Arco ITA"]
[Date "2014.04.09"]
[Round "4"]
[White "Poletti, Fausto"]
[Black "Dappiano, Andrea"]
[WhiteElo "1896"]
[BlackElo "2172"]
[Result "0-1"]
[PlyCount "112"]
[EventDate "2014.04.06"]

1. c4 e5 2. g3 d6 3. Bg2 f5 4. d3 Nf6 5. Nc3 g6 6. e4 Bg7 7. Nge2 O-O 8. O-O
Nc6 9. Nd5 Be6 10. Nec3 Nd4 11. Rb1 c6 12. Nxf6+ Qxf6 13. f4 Qe7 14. Be3 Rad8
15. Qd2 fxe4 16. Nxe4 d5 17. cxd5 Bxd5 18. Bxd4 exd4 19. b3 Rde8 20. Rfe1 b6
21. Re2 Qd7 22. Rbe1 Kh8 23. Ng5 Bg8 24. Bh3 Rxe2 25. Rxe2 Qd6 26. Qe1 h6 27.
Ne6 Re8 28. Nxg7 Rxe2 29. Qxe2 Kxg7 30. Kf2 Bf7 31. Bg2 c5 32. h4 Qe6 33. Qxe6
Bxe6 34. Ke2 Kf6 35. Kd2 a5 36. Kc2 b5 37. Bf1 g5 38. fxg5+ hxg5 39. Be2 gxh4
40. gxh4 Kf5 41. Kd2 Kf4 42. Bd1 b4 43. Be2 Bf7 44. Bd1 Be8 45. Be2 a4 46. Bd1
a3 47. Be2 Bd7 48. Bd1 Be6 49. h5 Bf7 50. h6 Bg6 51. Bh5 Bh7 52. Bf7 Kg5 53.
Bc4 Kxh6 54. Ke2 Kg5 55. Kf3 Bg6 56. Kg3 Bh5 0-1

[Event "Open Pasqua"]
[Site "Arco ITA"]
[Date "2014.04.09"]
[Round "4"]
[White "Popa, Claudiu"]
[Black "Sprotte, Norbert"]
[WhiteElo "2105"]
[BlackElo "2175"]
[Result "1/2-1/2"]
[PlyCount "46"]
[EventDate "2014.04.06"]

1. e4 e6 2. d4 d5 3. Nd2 Nc6 4. Ngf3 Nf6 5. e5 Nd7 6. c3 f6 7. exf6 Qxf6 8. Be2
Bd6 9. Nf1 O-O 10. Ng3 h6 11. O-O Nb6 12. Be3 Bd7 13. Qd2 Be8 14. b3 Rd8 15.
Rad1 Bg6 16. Bd3 Bxd3 17. Qxd3 e5 18. dxe5 Nxe5 19. Nxe5 Bxe5 20. Bd4 Bxd4 21.
Qxd4 Qxd4 22. Rxd4 Rde8 23. Rfd1 c6 1/2-1/2

[Event "Open Pasqua"]
[Site "Arco ITA"]
[Date "2014.04.09"]
[Round "4"]
[White "Simeone, Giulio"]
[Black "Baratieri, Francesco"]
[WhiteElo "1992"]
[BlackElo "1703"]
[Result "1/2-1/2"]
[PlyCount "106"]
[EventDate "2014.04.06"]

1. c4 f5 2. d4 e6 3. Nf3 Nf6 4. Bg5 Bb4+ 5. Nbd2 h6 6. Bxf6 Qxf6 7. a3 Be7 8.
e4 O-O 9. Bd3 d6 10. exf5 exf5 11. O-O Nc6 12. Re1 Bd7 13. Qb3 Na5 14. Qc3 b6
15. Rac1 c5 16. b4 Nc6 17. d5 Nd4 18. Nxd4 cxd4 19. Qb2 Rfe8 20. Nf3 Bf8 21.
Qxd4 Qxd4 22. Nxd4 Rxe1+ 23. Rxe1 g6 24. Kf1 Re8 25. Rxe8 Bxe8 26. Nc6 a6 27.
Nb8 a5 28. bxa5 bxa5 29. Nc6 Bg7 30. Ke2 Bb2 31. a4 Bc3 32. Bc2 Kf8 33. Kd3 Be1
34. f3 Bd7 35. Ke3 Ke8 36. Nd4 Bb4 37. h3 Bc5 38. Kd3 Ke7 39. Ne2 Kf6 40. f4
Bf2 41. Nd4 Be1 42. Nc6 g5 43. Ke3 Bc3 44. Kf3 g4+ 45. hxg4 fxg4+ 46. Kf2 h5
47. g3 Bf5 48. Bb3 Kf7 49. Ke2 Ke8 50. Kf2 Be4 51. Ke3 Bg6 52. Kf2 Kd7 53. Ke2
Be1 1/2-1/2

[Event "Open Pasqua"]
[Site "Arco ITA"]
[Date "2014.04.10"]
[Round "5"]
[White "Dappiano, Andrea"]
[Black "Caldara, Sisto"]
[WhiteElo "2172"]
[BlackElo "1830"]
[Result "1-0"]
[PlyCount "47"]
[EventDate "2014.04.06"]

1. e4 c5 2. Nc3 e6 3. g3 a6 4. Bg2 Qc7 5. d3 b5 6. Bf4 d6 7. Nf3 Bb7 8. O-O Nc6
9. Re1 g6 10. e5 d5 11. Nxd5 exd5 12. e6 Bd6 13. exf7+ Kxf7 14. Ng5+ Kf6 15.
Re6+ Kg7 16. Rxd6 Qe7 17. Ne6+ Kf7 18. Bxd5 Nb4 19. Bxb7 Qxb7 20. Nxc5 Qc8 21.
Be5 Qxc5 22. Qf3+ Ke7 23. Qb7+ Ke8 24. Qxa8+ 1-0

[Event "Open Pasqua"]
[Site "Arco ITA"]
[Date "2014.04.10"]
[Round "5"]
[White "Domsgen, Gerd Bernd"]
[Black "Poletti, Fausto"]
[WhiteElo "2060"]
[BlackElo "1896"]
[Result "0-1"]
[PlyCount "90"]
[EventDate "2014.04.06"]

1. e4 c5 2. Nf3 Nc6 3. Nc3 e5 4. Bc4 Be7 5. d3 Nf6 6. Bg5 O-O 7. Qd2 d6 8. h3
Be6 9. Bxf6 Bxf6 10. Nd5 Kh8 11. a3 Nd4 12. Nxd4 cxd4 13. O-O Be7 14. g4 Bxd5
15. Bxd5 Bg5 16. Qb4 Rb8 17. Kg2 Qe7 18. Rh1 Rfc8 19. Bb3 Rc5 20. Qe1 Rbc8 21.
Qe2 g6 22. h4 Bxh4 23. Rh3 Bg5 24. Rah1 h6 25. Rf3 Rf8 26. a4 Kg7 27. Bc4 Qd7
28. b4 Rc7 29. b5 Qxg4+ 30. Kf1 Qc8 31. a5 b6 32. Qe1 f5 33. Rg1 fxe4 34. Rxf8
Qxf8 35. Qxe4 bxa5 36. Qd5 a4 37. Ke2 a3 38. Ra1 Bh4 39. f3 h5 40. Rxa3 Kh6 41.
b6 axb6 42. Ra8 Qf4 43. Rh8+ Kg5 44. Qxd6 Qe3+ 45. Kd1 Qe1# 0-1

[Event "Open Pasqua"]
[Site "Arco ITA"]
[Date "2014.04.10"]
[Round "5"]
[White "Gromovs, Sergejs"]
[Black "De Santis, Alessio"]
[WhiteElo "2219"]
[BlackElo "2285"]
[Result "1-0"]
[PlyCount "109"]
[EventDate "2014.04.06"]

1. d4 b6 2. c4 Bb7 3. Nc3 e6 4. a3 Nf6 5. Nf3 Be7 6. d5 exd5 7. cxd5 O-O 8. e4
Re8 9. Bd3 c5 10. O-O d6 11. h3 Ba6 12. Re1 Bxd3 13. Qxd3 Nbd7 14. Bf4 a6 15.
a4 Bf8 16. Nd2 Ne5 17. Bxe5 Rxe5 18. Nc4 Re8 19. f4 b5 20. axb5 axb5 21. Rxa8
Qxa8 22. Nxb5 Nxd5 23. Nbxd6 Bxd6 24. Nxd6 Re6 25. f5 Rxd6 26. exd5 h6 27. Rd1
Qa4 28. b3 Qf4 29. Kh1 Qe5 30. Qc4 Qxf5 31. Qxc5 Qd7 32. b4 Qd8 33. b5 g5 34.
Qd4 h5 35. Rd3 Kh7 36. Qe5 Kg6 37. Rd1 Qf6 38. Qe2 Qd8 39. Rb1 Rb6 40. Qc4 Qd6
41. Ra1 Qe5 42. Rf1 Rd6 43. Qd3+ f5 44. Rd1 g4 45. h4 Qf6 46. g3 Qe5 47. Kh2
Qf6 48. Qe3 Kf7 49. Rd2 Qh6 50. Qa7+ Kf6 51. Re2 Qf8 52. Qd4+ Kg6 53. b6 Qd8
54. b7 Rb6 55. Qxb6+ 1-0

[Event "Open Pasqua"]
[Site "Arco ITA"]
[Date "2014.04.10"]
[Round "5"]
[White "Sprotte, Norbert"]
[Black "Messina, Roberta"]
[WhiteElo "2175"]
[BlackElo "2081"]
[Result "1-0"]
[PlyCount "107"]
[EventDate "2014.04.06"]

1. Nf3 d5 2. c4 e6 3. d4 Nf6 4. e3 c6 5. b3 Nbd7 6. Bd3 Bd6 7. Bb2 O-O 8. Nbd2
b6 9. Ne5 Bb7 10. O-O Qc7 11. f4 Rad8 12. Rf3 c5 13. cxd5 cxd4 14. exd4 Bxd5
15. Rh3 g6 16. Qe2 Nh5 17. g3 Nxe5 18. fxe5 Be7 19. Rf1 Ng7 20. Qe3 f5 21. exf6
Rxf6 22. Qh6 Nh5 23. Rxh5 Rxf1+ 24. Nxf1 Ba3 25. Bxa3 gxh5 26. Qg5+ Kf7 27.
Qxh5+ Kg8 28. Qg5+ Kf7 29. Bxh7 Ke8 30. Bg6+ Kd7 31. Qe7+ Kc8 32. Qxc7+ Kxc7
33. Ne3 Bb7 34. Bb2 Rf8 35. Bh5 Be4 36. Bg4 Re8 37. Be2 Kb7 38. h4 a6 39. Nc4
Kc6 40. Kf2 Bb1 41. Ne5+ Kb7 42. Bf3+ Kc7 43. a3 Kd6 44. Nc4+ Kc7 45. Bc1 b5
46. Bf4+ Kd7 47. Ne5+ Ke7 48. Nc6+ Kf8 49. g4 Ba2 50. b4 Rc8 51. Bd6+ Kg7 52.
Bc5 Rh8 53. d5 Kf6 54. Bd4+ 1-0

[Event "Open Pasqua"]
[Site "Arco ITA"]
[Date "2014.04.10"]
[Round "5"]
[White "Vaccari, Giorgio"]
[Black "Simeone, Giulio"]
[WhiteElo "1699"]
[BlackElo "1992"]
[Result "0-1"]
[PlyCount "42"]
[EventDate "2014.04.06"]

1. e4 c6 2. d4 d5 3. e5 Bf5 4. Nf3 e6 5. Be2 Ne7 6. O-O c5 7. c3 Nec6 8. Be3
Nd7 9. Qd2 Be7 10. Na3 cxd4 11. Bxd4 Bxa3 12. bxa3 O-O 13. Rfe1 Qc7 14. Bf1
Rfc8 15. Rac1 h6 16. Qe3 Qa5 17. Nh4 Be4 18. f4 Qxa3 19. Qd2 Rc7 20. Re3 Nxd4
21. cxd4 Qxc1 0-1

[Event "Open Pasqua"]
[Site "Arco ITA"]
[Date "2014.04.10"]
[Round "5"]
[White "Ventura, Sergio"]
[Black "Popa, Claudiu"]
[WhiteElo "2100"]
[BlackElo "2105"]
[Result "1-0"]
[PlyCount "61"]
[EventDate "2014.04.06"]

1. e4 e5 2. Nf3 Nc6 3. Bc4 Nf6 4. Nc3 Nxe4 5. Nxe4 d5 6. Bd3 dxe4 7. Bxe4 Bd6
8. O-O O-O 9. Re1 f6 10. c3 Bc5 11. b4 Bb6 12. a4 a6 13. Ba3 Ne7 14. Qb3+ Kh8
15. a5 Ba7 16. b5 axb5 17. Qxb5 c6 18. Qb4 Re8 19. Bc2 Ng6 20. d4 Bg4 21. Bxg6
hxg6 22. Nh4 exd4 23. Nxg6+ Kh7 24. Ne7 c5 25. Qxb7 d3 26. h3 d2 27. hxg4
dxe1=Q+ 28. Rxe1 Qd3 29. g3 Kh8 30. Kg2 g6 31. Rh1+ 1-0

[Event "Open Pasqua"]
[Site "Arco ITA"]
[Date "2014.04.11"]
[Round "6"]
[White "Dappiano, Andrea"]
[Black "Gromovs, Sergejs"]
[WhiteElo "2172"]
[BlackElo "2219"]
[Result "1-0"]
[PlyCount "117"]
[EventDate "2014.04.06"]

1. e4 c5 2. Nc3 Nc6 3. g3 g6 4. Bg2 Bg7 5. d3 e6 6. Be3 d6 7. Qd2 Rb8 8. Nge2
Nge7 9. Bh6 Bxh6 10. Qxh6 Ng8 11. Qd2 h5 12. d4 a6 13. O-O-O e5 14. dxc5 dxc5
15. Qe3 Nd4 16. f4 Nf6 17. h3 Qe7 18. fxe5 Nxe2+ 19. Nxe2 Qxe5 20. Qf4 Qxf4+
21. Nxf4 Be6 22. Rd6 Ke7 23. Rxe6+ fxe6 24. Nxg6+ Kf7 25. Nxh8+ Rxh8 26. e5 Nd7
27. Bxb7 a5 28. Re1 Rg8 29. Re3 Rg5 30. h4 Rxe5 31. Rxe5 Nxe5 32. Ba6 Ng4 33.
Kd2 Kf6 34. Be2 Kf5 35. Bd3+ Ke5 36. Be2 Nf6 37. Bf3 Kf5 38. Kd3 e5 39. Kc4 Ne4
40. Bxh5 Nxg3 41. Bd1 Nf1 42. Kxc5 Ne3 43. Be2 e4 44. c3 Kf4 45. h5 Nf5 46. Kb5
Ke3 47. Bg4 Nh6 48. Be6 Kd2 49. Kxa5 e3 50. Bc4 Nf7 51. Ka4 Ne5 52. Bf1 Ke1 53.
Bb5 Kd2 54. h6 Nd3 55. h7 e2 56. h8=Q e1=Q 57. Qd4 Qd1+ 58. Ka3 Kc1 59. Qe3+
1-0

[Event "Open Pasqua"]
[Site "Arco ITA"]
[Date "2014.04.11"]
[Round "6"]
[White "Messina, Roberta"]
[Black "Blasco, Domenico"]
[WhiteElo "2081"]
[BlackElo "1864"]
[Result "1-0"]
[PlyCount "83"]
[EventDate "2014.04.06"]

1. e4 g6 2. d4 Bg7 3. Nc3 a6 4. a4 b6 5. g3 Bb7 6. Bg2 e6 7. Nge2 Ne7 8. O-O
O-O 9. d5 exd5 10. exd5 d6 11. Nd4 Nd7 12. Re1 Nf6 13. Nc6 Nxc6 14. dxc6 Bc8
15. Bg5 h6 16. Be3 Rb8 17. Qd2 Kh7 18. Bd4 Be6 19. Ne2 Re8 20. Nf4 Bf5 21. Qc3
d5 22. Rxe8 Nxe8 23. Bxg7 Nxg7 24. Nxd5 Ne8 25. Re1 Be6 26. Nf4 Ng7 27. Be4 Qd6
28. Qf6 Qd8 29. Bxg6+ fxg6 30. Qxg6+ Kh8 31. Qxh6+ Kg8 32. Qxg7+ Kxg7 33. Nxe6+
Kf6 34. Nxd8 Rxd8 35. Re3 Rd2 36. Rc3 Ke5 37. Kg2 b5 38. axb5 axb5 39. Rc5+ Kd6
40. Rc3 Kd5 41. Rd3+ Rxd3 42. cxd3 1-0

[Event "Open Pasqua"]
[Site "Arco ITA"]
[Date "2014.04.11"]
[Round "6"]
[White "Popa, Claudiu"]
[Black "Poletti, Fausto"]
[WhiteElo "2105"]
[BlackElo "1896"]
[Result "1-0"]
[PlyCount "49"]
[EventDate "2014.04.06"]

1. e4 c5 2. c3 Nf6 3. e5 Nd5 4. d4 cxd4 5. cxd4 e6 6. Nf3 d6 7. Bc4 Nb6 8. Bd3
Nc6 9. Nc3 Nb4 10. Bb1 dxe5 11. Nxe5 N4d5 12. O-O Be7 13. Qh5 g6 14. Qf3 f6 15.
Nd3 O-O 16. Re1 Re8 17. Ne4 Nc4 18. Nec5 Bf8 19. b3 Nd6 20. Bb2 Bg7 21. a3 b6
22. Nxe6 Bxe6 23. Rxe6 Rxe6 24. Qxd5 Qe8 25. Nf4 1-0

[Event "Open Pasqua"]
[Site "Arco ITA"]
[Date "2014.04.11"]
[Round "6"]
[White "Simeone, Giulio"]
[Black "De Santis, Alessio"]
[WhiteElo "1992"]
[BlackElo "2285"]
[Result "0-1"]
[PlyCount "64"]
[EventDate "2014.04.06"]

1. c4 d6 2. d4 g6 3. Nc3 Bg7 4. e4 Nc6 5. d5 Nd4 6. Be3 c5 7. Nge2 Qb6 8. Na4
Qa5+ 9. Bd2 Qa6 10. Nac3 Nf6 11. Nxd4 cxd4 12. Nb5 Qb6 13. Qa4 Bd7 14. Ba5 Qc5
15. Bb4 Qc8 16. Qd1 Bxb5 17. cxb5 Nxe4 18. Rc1 Qf5 19. Qc2 O-O 20. f3 Rac8 21.
Bc4 Nc3 22. Qxf5 gxf5 23. Bb3 Nxd5 24. Bd2 Rxc1+ 25. Bxc1 Nb4 26. O-O Nd3 27.
Bd5 Rc8 28. Bg5 Rc7 29. b3 Nb4 30. Bc4 d5 31. Be2 d3 32. Bd1 Nxa2 0-1

[Event "Open Pasqua"]
[Site "Arco ITA"]
[Date "2014.04.11"]
[Round "6"]
[White "Taufer, Livio"]
[Black "Domsgen, Gerd Bernd"]
[WhiteElo "1684"]
[BlackElo "2060"]
[Result "0-1"]
[PlyCount "94"]
[EventDate "2014.04.06"]

1. d4 Nf6 2. Nf3 d6 3. e3 g6 4. Bd3 Bg7 5. Nbd2 Nc6 6. a3 O-O 7. b3 e5 8. Bb2
Nh5 9. O-O Bg4 10. h3 Be6 11. Bc4 d5 12. Be2 e4 13. Ne5 Qh4 14. Bxh5 gxh5 15.
f4 Ne7 16. Nef3 exf3 17. Nxf3 Qf6 18. Ne5 Nf5 19. Qf3 Qh6 20. g4 hxg4 21. hxg4
Nh4 22. Qg3 f5 23. g5 Qh5 24. Kf2 Bxe5 25. dxe5 Qg4 26. Rh1 Qxg3+ 27. Kxg3 Ng6
28. Rh6 Rad8 29. Bd4 b6 30. b4 Rc8 31. Bb2 c5 32. c3 a5 33. bxa5 bxa5 34. a4
Rb8 35. Ba3 Rfc8 36. Rh2 Rb3 37. Rc2 Ne7 38. Bc1 d4 39. Ra3 Rxa3 40. Bxa3 d3
41. Rd2 Bc4 42. Kf3 Nd5 43. Bb2 Nb6 44. e4 fxe4+ 45. Kxe4 Nxa4 46. Ba1 Rb8 47.
Rd1 Nb2 0-1

[Event "Open Pasqua"]
[Site "Arco ITA"]
[Date "2014.04.11"]
[Round "6"]
[White "Ventura, Sergio"]
[Black "Sprotte, Norbert"]
[WhiteElo "2100"]
[BlackElo "2175"]
[Result "0-1"]
[PlyCount "74"]
[EventDate "2014.04.06"]

1. Nf3 Nf6 2. c4 c6 3. g3 d5 4. Bg2 Bf5 5. O-O e6 6. b3 Be7 7. d3 h6 8. Ba3
Bxa3 9. Nxa3 a5 10. Qd2 O-O 11. Rfc1 Na6 12. h3 Nb4 13. Nc2 Nxc2 14. Rxc2 Qe7
15. g4 Bh7 16. g5 hxg5 17. Qxg5 Rfe8 18. Kh1 Nd7 19. Qg3 f6 20. Rg1 a4 21. Nd4
g6 22. cxd5 exd5 23. Nxc6 bxc6 24. Rxc6 Ne5 25. Bxd5+ Kg7 26. Re6 Qc7 27. d4
Rxe6 28. dxe5 Qc8 29. Bxe6 Qxe6 30. exf6+ Qxf6 31. Rd1 Re8 32. e3 Bg8 33. Rd6
Qf5 34. bxa4 Bd5+ 35. Kh2 Rh8 36. a5 Rxh3+ 37. Qxh3 Qxf2+ 0-1

[Event "Open Pasqua"]
[Site "Arco ITA"]
[Date "2014.04.12"]
[Round "7"]
[White "De Santis, Alessio"]
[Black "Caldara, Sisto"]
[WhiteElo "2285"]
[BlackElo "1830"]
[Result "1-0"]
[PlyCount "47"]
[EventDate "2014.04.06"]

1. d4 e6 2. c4 a6 3. e4 c5 4. d5 exd5 5. exd5 d6 6. Nc3 Nf6 7. Be2 Nbd7 8. Nf3
Be7 9. h3 b6 10. Bf4 Bb7 11. g4 h6 12. Qd2 g5 13. Bg3 Rb8 14. O-O-O Ba8 15.
Rhe1 O-O 16. Bd3 Re8 17. Nxg5 b5 18. Nxf7 Kxf7 19. Qxh6 Rg8 20. g5 Rg7 21. gxf6
Bxf6 22. Qh5+ Kg8 23. Bxd6 Rb6 24. Re8+ 1-0

[Event "Open Pasqua"]
[Site "Arco ITA"]
[Date "2014.04.12"]
[Round "7"]
[White "Domsgen, Gerd Bernd"]
[Black "Bortolotti, Silvano"]
[WhiteElo "2060"]
[BlackElo "1830"]
[Result "1-0"]
[PlyCount "71"]
[EventDate "2014.04.06"]

1. e4 b6 2. d4 Bb7 3. Nc3 e6 4. f3 d5 5. Bb5+ c6 6. Bd3 Bb4 7. a3 Bxc3+ 8. bxc3
c5 9. e5 cxd4 10. cxd4 Ne7 11. Bg5 h6 12. Bh4 Qc7 13. Ne2 Ba6 14. O-O Bxd3 15.
Qxd3 Qc4 16. Qd2 Nf5 17. Bf2 Nc6 18. g4 Nfe7 19. f4 g6 20. Bh4 h5 21. Bf6 Rh7
22. h3 hxg4 23. hxg4 Ng8 24. Bg5 Nh6 25. Kg2 Ng8 26. Rf3 Qa6 27. f5 gxf5 28.
gxf5 Rg7 29. fxe6 fxe6 30. Ng3 Nge7 31. Nh5 Rg6 32. Nf6+ Kd8 33. Rh1 Kc7 34.
Rh7 b5 35. Kf2 Kb6 36. Nd7+ 1-0

[Event "Open Pasqua"]
[Site "Arco ITA"]
[Date "2014.04.12"]
[Round "7"]
[White "Gromovs, Sergejs"]
[Black "Popa, Claudiu"]
[WhiteElo "2219"]
[BlackElo "2105"]
[Result "1-0"]
[PlyCount "75"]
[EventDate "2014.04.06"]

1. d4 d5 2. Nf3 e6 3. c4 c6 4. Nc3 Be7 5. e4 dxe4 6. Nxe4 Nf6 7. Nc3 O-O 8. Bg5
Nbd7 9. Qd2 Re8 10. Be2 Nf8 11. O-O-O Ng4 12. Bxe7 Qxe7 13. Bd3 a5 14. h3 Nf6
15. g4 Qc7 16. Ne5 N6d7 17. f4 f6 18. Nf3 a4 19. Kb1 Qa5 20. h4 Qb4 21. a3 Qa5
22. h5 Rb8 23. h6 g6 24. f5 exf5 25. gxf5 gxf5 26. Nh4 Ng6 27. Nxg6 hxg6 28.
h7+ Kh8 29. Qh6 Nf8 30. Qg7+ Kxg7 31. h8=Q+ Kf7 32. Rh7+ Nxh7 33. Qxh7+ Kf8 34.
Qxg6 Qd8 35. Rg1 Ke7 36. Qh7+ Ke6 37. Re1+ Kd6 38. c5# 1-0

[Event "Open Pasqua"]
[Site "Arco ITA"]
[Date "2014.04.12"]
[Round "7"]
[White "Maddaloni, Giovanni"]
[Black "Simeone, Giulio"]
[WhiteElo "1736"]
[BlackElo "1992"]
[Result "0-1"]
[PlyCount "86"]
[EventDate "2014.04.06"]

1. e4 c6 2. d4 d5 3. f3 e5 4. dxe5 Bc5 5. Nc3 Qb6 6. Na4 Qa5+ 7. c3 Bxg1 8.
Rxg1 Ne7 9. b4 Qc7 10. Qd4 O-O 11. Bf4 dxe4 12. O-O-O Nd5 13. g3 exf3 14. Bd3
Be6 15. Qe4 g6 16. Kb2 a5 17. b5 f2 18. Rgf1 Nxf4 19. Qxf4 cxb5 20. Bxb5 Nc6
21. Rxf2 Rad8 22. Rxd8 Rxd8 23. h4 Nxe5 24. h5 Nd3+ 25. Bxd3 Qxf4 26. gxf4 Rxd3
27. hxg6 fxg6 28. Nc5 Rd6 29. Ka3 Bc8 30. Ne4 Re6 31. Ng5 Rf6 32. Re2 h6 33.
Nf3 Rxf4 34. Ne5 Kg7 35. Rd2 g5 36. Rd8 Rf8 37. Rd6 Rf6 38. Rd8 Bf5 39. Rb8 Be4
40. Re8 Bd5 41. Re7+ Kf8 42. Rh7 Re6 43. Nd7+ Kg8 0-1

[Event "Open Pasqua"]
[Site "Arco ITA"]
[Date "2014.04.12"]
[Round "7"]
[White "Messina, Roberta"]
[Black "Ventura, Sergio"]
[WhiteElo "2081"]
[BlackElo "2100"]
[Result "0-1"]
[PlyCount "48"]
[EventDate "2014.04.06"]

1. e4 e5 2. d4 exd4 3. Qxd4 Nc6 4. Qe3 g6 5. Bd2 Bg7 6. Bc3 Nf6 7. h4 O-O 8. h5
d5 9. Ne2 dxe4 10. hxg6 hxg6 11. Nf4 Bf5 12. Nd2 Qe7 13. Be2 Nb4 14. Bd1 Nbd5
15. Bxf6 Nxf6 16. c3 Rfd8 17. Be2 c6 18. O-O-O b5 19. f3 b4 20. c4 Qe5 21. g3
Nh5 22. Qb3 Nxg3 23. fxe4 Qxf4 24. exf5 Nxe2+ 0-1

[Event "Open Pasqua"]
[Site "Arco ITA"]
[Date "2014.04.12"]
[Round "7"]
[White "Sprotte, Norbert"]
[Black "Dappiano, Andrea"]
[WhiteElo "2175"]
[BlackElo "2172"]
[Result "1/2-1/2"]
[PlyCount "45"]
[EventDate "2014.04.06"]

1. d4 d6 2. e4 Nf6 3. Nc3 e5 4. dxe5 dxe5 5. Qxd8+ Kxd8 6. Bc4 Be6 7. Bxe6 fxe6
8. Bg5 Nbd7 9. O-O-O Bc5 10. Nf3 Ke7 11. Bh4 h6 12. Bg3 Bd6 13. Rd2 g5 14. Re1
a6 15. a3 Rhf8 16. Na2 Rad8 17. Nb4 Nh5 18. Nd3 Nf4 19. Bxf4 gxf4 20. Nh4 Kf6
21. g3 Nc5 22. gxf4 Nxd3+ 23. cxd3 1/2-1/2

[Event "I Torneo Internazionale"]
[Site "Castelfranco Veneto ITA"]
[Date "2014.04.11"]
[Round "3"]
[White "Sorbera, Giovanni"]
[Black "Negro, Raffaele"]
[WhiteElo "2171"]
[BlackElo "1794"]
[Result "1-0"]
[PlyCount "86"]
[EventDate "2014.04.10"]

1. e4 g6 2. d4 Bg7 3. Nc3 d6 4. Be3 a6 5. Qd2 Nd7 6. f3 b5 7. g4 e6 8. h4 h5 9.
g5 Ne7 10. Bg2 Nb6 11. b3 Bb7 12. Rd1 d5 13. e5 Nf5 14. Bf2 c6 15. Bh3 a5 16.
Bxf5 exf5 17. Nh3 a4 18. Nf4 Bc8 19. O-O O-O 20. Rfe1 Be6 21. Nxe6 fxe6 22. Ne2
Re8 23. Nf4 Kf7 24. Rb1 Bf8 25. Rec1 Qc7 26. Qd3 axb3 27. axb3 Ra3 28. Qe2 Rea8
29. Nd3 Nd7 30. c4 Ra2 31. Rc2 Ra1 32. cxd5 Rxb1+ 33. Kg2 exd5 34. e6+ Kg7 35.
exd7 Qxd7 36. Ne5 Re8 37. Nxd7 Rxe2 38. Rxe2 Rxb3 39. Nxf8 Kxf8 40. Re6 Rb1 41.
Rxc6 b4 42. Rxg6 b3 43. Rb6 b2 1-0

[Event "I Torneo Internazionale"]
[Site "Castelfranco Veneto ITA"]
[Date "2014.04.11"]
[Round "3"]
[White "Videnova, Iva"]
[Black "Aleksic, Nenad"]
[WhiteElo "2276"]
[BlackElo "2348"]
[Result "1-0"]
[PlyCount "117"]
[EventDate "2014.04.10"]

1. e4 c5 2. Nf3 d6 3. d4 cxd4 4. Nxd4 Nf6 5. Nc3 a6 6. Bg5 e6 7. f4 Qb6 8. Qd2
Nc6 9. Bxf6 gxf6 10. Nb3 Bd7 11. O-O-O O-O-O 12. Be2 h5 13. Rhf1 Be7 14. Rf3
Rdg8 15. Bf1 Kb8 16. Kb1 h4 17. a3 Rh5 18. Na4 Qa7 19. Rd3 Rd8 20. Be2 Rhh8 21.
Bg4 b5 22. Nc3 Qb6 23. Rh3 Rh7 24. Qe1 Bc8 25. Nd5 exd5 26. Bxc8 Rxc8 27. exd5
Ne5 28. fxe5 fxe5 29. Nd4 exd4 30. Qxe7 Qc5 31. Qe4 Rh5 32. b4 Qc4 33. Rxd4
Qf1+ 34. Kb2 Re5 35. Qf3 Qg1 36. Rd1 Re1 37. Rxe1 Qxe1 38. Qe3 Qxe3 39. Rxe3
Rg8 40. g3 hxg3 41. hxg3 Rg4 42. Re8+ Kc7 43. Re7+ Kb8 44. Rxf7 Rxg3 45. Rd7
Rg6 46. Kb3 Rh6 47. c3 Rg6 48. a4 Rh6 49. a5 Rg6 50. Kc2 Rh6 51. Kd3 Rh3+ 52.
Ke4 Rxc3 53. Rxd6 Rc4+ 54. Ke5 Rxb4 55. Rxa6 Rb1 56. Rb6+ Kc7 57. d6+ Kd7 58.
Rb7+ Kc8 59. a6 1-0

[Event "XVI C.to Europeo a squadre Seniores"]
[Site "Sebenico CRO"]
[Date "2014.04.01"]
[Round "1.1"]
[White "Morris, Charles F."]
[Black "Garcia Palermo, Carlos Horacio"]
[Result "0-1"]
[WhiteElo "2142"]
[BlackElo "2455"]
[Annotator "ITA-WLS Gwent"]
[PlyCount "64"]
[EventDate "2014.04.01"]

1. c4 Nf6 2. g3 e5 3. Bg2 d5 4. cxd5 Nxd5 5. Nc3 Nb6 6. d3 Be7 7. Be3 O-O 8. a3
Re8 9. b4 Bf8 10. Nf3 Nc6 11. Ng5 Nd4 12. O-O h6 13. Nge4 a5 14. Nc5 c6 15. Rb1
axb4 16. axb4 Ra3 17. Bd2 Nd5 18. Nxd5 cxd5 19. e3 Nb5 20. Qc2 b6 21. Na4 Bf5
22. Nb2 Qa8 23. Rfc1 Rc8 24. Qd1 Nc3 25. Bxc3 Raxc3 26. Rxc3 Rxc3 27. Qa4 Qd8
28. Qb5 Rb3 29. Qxd5 Qxd5 30. Bxd5 Rxb4 31. Ba2 Be6 32. Nc4 b5 0-1

[Event "XVI C.to Europeo a squadre Seniores"]
[Site "Sebenico CRO"]
[Date "2014.04.01"]
[Round "1.2"]
[White "Bruno, Fabio"]
[Black "Powell, Lloyd"]
[Result "1-0"]
[WhiteElo "2413"]
[BlackElo "2132"]
[Annotator "ITA-WLS Gwent"]
[PlyCount "117"]
[EventDate "2014.04.01"]

1. d4 Nf6 2. Bg5 e6 3. e3 Be7 4. Nd2 c5 5. Bd3 b6 6. Ngf3 Bb7 7. O-O h6 8. Bh4
O-O 9. c3 cxd4 10. exd4 d6 11. Re1 Nbd7 12. a4 Re8 13. a5 Qc7 14. Bf1 Rab8 15.
axb6 axb6 16. Bb5 Ra8 17. Qb3 Bd5 18. c4 Bc6 19. Rxa8 Bxa8 20. Qa4 Bb7 21. Bxf6
Bxf6 22. Bxd7 Ra8 23. Qb5 Ra5 24. Qb4 Qxd7 25. Qxb6 Ra6 26. Qb4 g5 27. h3 Bxf3
28. Nxf3 Qc7 29. Qc3 Qa7 30. Rb1 Ra1 31. Rxa1 Qxa1+ 32. Kh2 Qd1 33. Qe3 Qb1 34.
b3 Qd1 35. g3 h5 36. Nxg5 Qxd4 37. Qxd4 Bxd4 38. Kg2 Kg7 39. Kf3 Kf6 40. h4 d5
41. cxd5 exd5 42. Ke2 Bc5 43. f3 Bd6 44. f4 Bc5 45. Kf3 Kg6 46. f5+ Kxf5 47.
Nh3 Bd6 48. Nf4 d4 49. Nxh5 d3 50. Ke3 Bb8 51. Kxd3 Kg4 52. Nf6+ Kxg3 53. h5
Be5 54. Nd7 Bg7 55. b4 Kg4 56. b5 Bh6 57. b6 Kxh5 58. Ke4 Kg4 59. Ne5+ 1-0

[Event "XVI C.to Europeo a squadre Seniores"]
[Site "Sebenico CRO"]
[Date "2014.04.01"]
[Round "1.3"]
[White "Adams, Mark A."]
[Black "Bellia, Fabrizio"]
[Result "0-1"]
[WhiteElo "1978"]
[BlackElo "2409"]
[Annotator "ITA-WLS Gwent"]
[PlyCount "76"]
[EventDate "2014.04.01"]

1. e4 e5 2. Nf3 Nc6 3. Nc3 Nf6 4. d4 exd4 5. Nxd4 Bb4 6. Nxc6 bxc6 7. Bd3 d5 8.
exd5 cxd5 9. O-O O-O 10. Bg5 c6 11. Qf3 Be7 12. Rfe1 Be6 13. h3 h6 14. Bd2 Rb8
15. b3 Re8 16. Ne2 Ne4 17. Bf4 Bh4 18. Bxe4 dxe4 19. Qe3 Rb7 20. Rad1 Qa5 21.
Qc3 Qa6 22. Be3 Bd8 23. Bd2 Rd7 24. Nf4 Bf6 25. Qa5 Qxa5 26. Bxa5 Rxd1 27. Rxd1
Bf5 28. Ne2 e3 29. c4 Bh4 30. g3 exf2+ 31. Kxf2 Bg5 32. g4 Bh4+ 33. Kf1 Bc2 34.
Rd2 Bb1 35. Nc3 Bg6 36. Ne2 Re3 37. Ng1 Bd3+ 38. Kg2 Be4+ 0-1